000 00404nam a22001697a 4500
005 20160618121617.0
008 160618b xxu||||| |||| 00| 0 eng d
020 _a0-273-62662-5
041 _aeng
082 _b8113
100 _aMoron, Kata
_92201
245 _aInvestment Appraisal for Non Financial Managers
260 _bPitman
_c1997
300 _a272
650 _aManagement
_9241
942 _cBK
999 _c3080
_d3079